[Event "TCh-FRA Top 12 2019"]
[Site "Brest FRA"]
[Date "2019.05.23"]
[Round "6.3"]
[Board "6"]
[White "Delorme, Axel"]
[Black "Lagarde, Maxime"]
[Result "1/2-1/2"]
[WhiteTitle "GM"]
[BlackTitle "GM"]
[WhiteElo "2489"]
[BlackElo "2600"]
[WhiteTeam "Clichy-Echecs-92"]
[BlackTeam "Nice Alekhine"]
[WhiteFideId "632023"]
[BlackFideId "662399"]
[EventDate "2019.05.18"]

1. e4 c5 2. Nf3 d6 3. Bb5+ Bd7 4. Bxd7+ Qxd7 5. c4 e5 6. Nc3 Nc6 7. d3 Be7 8.
O-O Bd8 9. Ne1 Nge7 10. f4 exf4 11. Bxf4 O-O 12. Nc2 f5 13. Ne3 Ba5 14. exf5
Bxc3 15. bxc3 Nxf5 16. Qg4 Rf7 17. Nxf5 Rxf5 18. Rf3 Rf7 19. Qh5 Qf5 20. Qxf5
Rxf5 21. Raf1 Rd8 22. g4 Rf7 23. Bg3 Rxf3 24. Rxf3 d5 25. cxd5 Rxd5 26. Kf1 h5
27. gxh5 Rxh5 28. Re3 Kf7 29. Re4 b5 30. Ke2 a5 31. a4 b4 32. Kd2 Ne7 33. Rc4
Rf5 34. d4 bxc3+ 35. Kxc3 Rf3+ 36. Kb2 cxd4 37. Rxd4 g5 38. Be1 Rf5 39. h4 Nc6
40. Re4 gxh4 41. Bxh4 Re5 1/2-1/2

[Event "TCh-FRA Top 12 2019"]
[Site "Brest FRA"]
[Date "2019.05.23"]
[Round "6.3"]
[Board "7"]
[White "Barseghyan, Harutyun"]
[Black "Relange, Eloi"]
[Result "1-0"]
[WhiteTitle "IM"]
[BlackTitle "GM"]
[WhiteElo "2470"]
[BlackElo "2456"]
[WhiteTeam "Nice Alekhine"]
[BlackTeam "Clichy-Echecs-92"]
[WhiteFideId "13304585"]
[BlackFideId "600822"]
[EventDate "2019.05.18"]

1. d4 d6 2. Nf3 g6 3. c4 Bg7 4. Nc3 Nf6 5. e4 O-O 6. Be2 Na6 7. O-O e5 8. Be3
Ng4 9. Bg5 Qe8 10. h3 h6 11. Bh4 Nf6 12. dxe5 dxe5 13. Qc2 c6 14. Rad1 Nh5 15.
a3 Be6 16. Rfe1 Nf4 17. Bf1 g5 18. Bg3 Qe7 19. b4 Bf6 20. c5 Nc7 21. Nd2 b6 22.
Nc4 Bxc4 23. Bxc4 bxc5 24. bxc5 Qxc5 25. Nb5 Nce6 26. Nd6 Rad8 27. Nf5 Bg7 28.
Rxd8 Rxd8 29. Qa2 Rd7 30. Bxf4 Nxf4 31. Rb1 Qa5 32. Bxf7+ Kh7 33. Bg8+ Kg6 34.
g3 1-0

[Event "TCh-FRA Top 12 2019"]
[Site "Brest FRA"]
[Date "2019.05.23"]
[Round "6.3"]
[Board "8"]
[White "Guichard, Pauline"]
[Black "De Seroux, Camille"]
[Result "1-0"]
[WhiteTitle "WGM"]
[BlackTitle "WFM"]
[WhiteElo "2430"]
[BlackElo "2143"]
[WhiteTeam "Clichy-Echecs-92"]
[BlackTeam "Nice Alekhine"]
[WhiteFideId "639370"]
[BlackFideId "1305620"]
[EventDate "2019.05.18"]

1. d4 Nf6 2. Nf3 e6 3. Bf4 b6 4. e3 Bb7 5. Bd3 c5 6. c3 Be7 7. h3 O-O 8. Nbd2
cxd4 9. cxd4 d5 10. O-O Nc6 11. a3 Rc8 12. Qe2 Bd6 13. Ne5 Qe7 14. Rac1 Nd7 15.
Ndf3 f6 16. Nxc6 Bxc6 17. Bxd6 Qxd6 18. Rc3 Bb7 19. Rfc1 Rxc3 20. Rxc3 e5 21.
Nh4 g6 22. Qg4 Rf7 23. Nf5 Qf8 24. Rc7 Bc8 25. Rxa7 Kh8 26. Ng3 f5 27. Qg5 exd4
28. exd4 Nf6 29. Ra8 Qe8 30. Ba6 Qe1+ 31. Kh2 Kg7 32. Bxc8 Ne4 33. Nh5+ 1-0

[Event "TCh-FRA Top 12 2019"]
[Site "Brest FRA"]
[Date "2019.05.23"]
[Round "6.4"]
[Board "1"]
[White "Bacrot, Etienne"]
[Black "Velten, Paul"]
[Result "1-0"]
[WhiteTitle "GM"]
[BlackTitle "GM"]
[WhiteElo "2678"]
[BlackElo "2507"]
[WhiteTeam "Bischwiller"]
[BlackTeam "T H F Saint-Quentin"]
[WhiteFideId "605506"]
[BlackFideId "681091"]
[EventDate "2019.05.18"]

1. Nf3 d5 2. g3 g6 3. Bg2 Bg7 4. d4 Nf6 5. O-O O-O 6. c4 c6 7. Qb3 dxc4 8. Qxc4
Be6 9. Qa4 Qc8 10. Nc3 Bh3 11. e4 Bxg2 12. Kxg2 Nbd7 13. h3 c5 14. Be3 cxd4 15.
Bxd4 b6 16. e5 Ne8 17. Nd5 Qd8 18. Rfd1 e6 19. Nb4 Qc7 20. Rac1 Qb7 21. Qc6 Rb8
22. Qxb7 Rxb7 23. Na6 f6 24. exf6 Ndxf6 25. Rc6 Nd5 26. Rxe6 Bxd4 27. Rxd4 Ng7
28. Re2 Nf6 29. Nb4 Re8 30. Rxe8+ Ngxe8 31. Ne5 Nc7 32. Rd6 Kg7 33. Nbc6 Ncd5
34. f4 Rc7 35. Kf3 Ne7 36. Nd4 Rc8 37. g4 Nfd5 38. Ne6+ Kg8 39. Rd7 h6 40. Nxg6 1-0

[Event "TCh-FRA Top 12 2019"]
[Site "Brest FRA"]
[Date "2019.05.23"]
[Round "6.4"]
[Board "4"]
[White "Godart, Francois"]
[Black "Edouard, Romain"]
[Result "1/2-1/2"]
[WhiteTitle "IM"]
[BlackTitle "GM"]
[WhiteElo "2419"]
[BlackElo "2642"]
[WhiteTeam "T H F Saint-Quentin"]
[BlackTeam "Bischwiller"]
[WhiteFideId "208078"]
[BlackFideId "633429"]
[EventDate "2019.05.18"]

1. e4 c5 2. Nf3 d6 3. Bb5+ Nd7 4. c3 Nf6 5. Qe2 a6 6. Ba4 g6 7. O-O Bg7 8. d4 b5
9. Bc2 cxd4 10. cxd4 Nb6 11. b3 O-O 12. a4 bxa4 13. bxa4 Qc7 14. Bd3 Bg4 15. a5
Bxf3 16. gxf3 Nbd7 17. Be3 Nh5 18. Rc1 Qd8 19. Na3 e5 20. d5 Qh4 21. Rc7 Nc5 22.
Rb1 Bf6 23. Qd2 Nxd3 24. Qxd3 Bg5 25. Qf1 Bxe3 26. fxe3 Qg5+ 27. Kf2 f5 28. Qg2
Qh6 29. Ke2 f4 30. Rbb7 fxe3 31. Qg4 Nf4+ 32. Ke1 Qxh2 33. Rg7+ Kh8 34. Rxh7+
Qxh7 35. Rxh7+ Kxh7 36. Nc4 e2 37. Qd7+ Kg8 38. Nb6 Rab8 39. Qc7 Rbe8 40. Qd7
Rd8 41. Qc7 Rde8 1/2-1/2

[Event "TCh-FRA Top 12 2019"]
[Site "Brest FRA"]
[Date "2019.05.23"]
[Round "6.4"]
[Board "6"]
[White "Ringuet, Noe"]
[Black "Le Roux, Jean-Pierre"]
[Result "0-1"]
[BlackTitle "GM"]
[WhiteElo "2143"]
[BlackElo "2539"]
[WhiteTeam "T H F Saint-Quentin"]
[BlackTeam "Bischwiller"]
[WhiteFideId "685542"]
[BlackFideId "609404"]
[EventDate "2019.05.18"]

1. e4 g6 2. d4 Bg7 3. Nc3 d6 4. h3 a6 5. Nf3 b5 6. Bd3 Nd7 7. Ne2 Bb7 8. O-O e6
9. Ng3 Ne7 10. a4 b4 11. Qe2 O-O 12. Rd1 Re8 13. h4 c5 14. c3 Nc6 15. Be3 cxd4
16. cxd4 e5 17. Bc4 Nxd4 18. Nxd4 exd4 19. Bxd4 Ne5 20. h5 Qh4 21. hxg6 hxg6 22.
Rac1 Re7 23. Bb6 Bh6 24. Rc2 Bf4 25. Nf1 Bxe4 26. Qxe4 Bh2+ 27. Nxh2 Qxe4 28.
Bb3 Kg7 29. Rxd6 Rh8 30. Nf1 Rd7 31. Rxd7 Nxd7 32. Be3 Qd3 33. Nd2 Ne5 34. Rc7
Rf8 35. Bf4 Ng4 36. Bd1 Qd4 37. Bg3 Nf6 38. Rc2 b3 0-1

[Event "TCh-FRA Top 12 2019"]
[Site "Brest FRA"]
[Date "2019.05.23"]
[Round "6.4"]
[Board "7"]
[White "Maze, Sebastien"]
[Black "Le Hay, Thierry"]
[Result "1-0"]
[WhiteTitle "GM"]
[WhiteElo "2579"]
[BlackElo "2055"]
[WhiteTeam "Bischwiller"]
[BlackTeam "T H F Saint-Quentin"]
[WhiteFideId "613762"]
[BlackFideId "639613"]
[EventDate "2019.05.18"]

1. e4 e6 2. d4 d5 3. Nc3 Bb4 4. e5 c5 5. a3 Bxc3+ 6. bxc3 Qc7 7. Nf3 b6 8. Bb5+
Bd7 9. Bd3 Ba4 10. Bd2 c4 11. Be2 Nc6 12. h4 f6 13. Bf4 Nge7 14. h5 Qd7 15. Bh2
f5 16. h6 gxh6 17. Bf4 O-O-O 18. Rxh6 Rde8 19. Kd2 Nd8 20. Qh1 Nf7 21. Rh5 Ng6
22. Bh6 Reg8 23. g3 Nxh6 24. Rxh6 Qe7 25. Qh5 Nf8 26. Qh4 Qxh4 27. Nxh4 Ng6 28.
Rh1 Be8 29. Nxg6 Bxg6 30. Bh5 Bxh5 31. R1xh5 Re8 32. Rxh7 Rxh7 33. Rxh7 Kb8 34.
Ke3 a6 35. Kf4 b5 36. Kg5 Rg8+ 37. Kf6 f4 38. gxf4 Rg2 39. Kxe6 Rxf2 40. f5 Rxc2
41. f6 Rxc3 42. f7 Rf3 43. Rh8+ Kc7 44. f8=Q Rxf8 45. Rxf8 a5 46. Kxd5 c3 47. e6
b4 48. e7 c2 49. e8=Q c1=Q 50. Qb8+ 1-0

[Event "TCh-FRA Top 12 2019"]
[Site "Brest FRA"]
[Date "2019.05.23"]
[Round "6.4"]
[Board "8"]
[White "Bolon, Karelle"]
[Black "Maisuradze, Nino"]
[Result "1/2-1/2"]
[WhiteTitle "WFM"]
[BlackTitle "WGM"]
[WhiteElo "2018"]
[BlackElo "2179"]
[WhiteTeam "T H F Saint-Quentin"]
[BlackTeam "Bischwiller"]
[WhiteFideId "634514"]
[BlackFideId "13601717"]
[EventDate "2019.05.18"]

1. f4 d5 2. Nf3 Nf6 3. e3 Bg4 4. h3 Bxf3 5. Qxf3 Nbd7 6. g4 c6 7. d3 e5 8. Nc3
Bb4 9. Bd2 e4 10. Qg3 Qe7 11. d4 h6 12. Be2 O-O-O 13. a3 Bd6 14. Qf2 Kb8 15. h4
h5 16. g5 Ng4 17. Qg2 f5 18. O-O Nb6 19. b4 Rd7 20. Rfb1 Rc8 21. Rb2 g6 22. Rab1
Qf7 23. a4 Bf8 24. Qf1 Bg7 25. a5 Nc4 26. Bxc4 dxc4 27. Ne2 Rcd8 28. c3 a6 29.
Qd1 Qd5 30. Qa4 Qb5 31. Qxb5 axb5 32. Ra2 Kc7 33. Rba1 Ra8 34. Kg2 Ra6 35. Kg3
Kd6 36. Kg2 Rd8 37. Kg3 Rda8 38. Nc1 Bf8 39. Kg2 Be7 40. Kg3 Bd8 41. Kg2 Bc7 42.
Kg3 Ke6 43. Kg2 Rd8 44. Kg3 Bd6 45. Ne2 Kd5 46. Kg2 Rda8 47. Nc1 Bc7 48. Kg3 b6
49. axb6 Rxa2 50. Rxa2 Rxa2 51. Nxa2 Bxb6 52. Kg2 Bc7 53. Nc1 Bd6 54. Na2 Bxf4
55. exf4 e3 56. Be1 Ke4 57. Nc1 Kxf4 58. Bg3+ Ke4 59. Ne2 Kd3 60. Kf3 Kd2 61.
Bf4 Kd3 62. Bg3 Kd2 63. Bf4 1/2-1/2

[Event "TCh-FRA Top 12 2019"]
[Site "Brest FRA"]
[Date "2019.05.23"]
[Round "6.5"]
[Board "1"]
[White "Nihal, Sarin"]
[Black "Oleksiyenko, Mykhaylo"]
[Result "1/2-1/2"]
[WhiteTitle "GM"]
[BlackTitle "GM"]
[WhiteElo "2598"]
[BlackElo "2595"]
[WhiteTeam "Mulhouse Philidor"]
[BlackTeam "Grasse Echecs"]
[WhiteFideId "25092340"]
[BlackFideId "4152417"]
[EventDate "2019.05.18"]

1. e4 e5 2. Nf3 Nc6 3. Bc4 Bc5 4. c3 Nf6 5. d3 d6 6. O-O a5 7. Re1 h6 8. Nbd2
O-O 9. Nf1 Be6 10. Bb5 Ne7 11. d4 exd4 12. cxd4 Bb6 13. Ng3 d5 14. e5 Ne4 15.
Nxe4 dxe4 16. Rxe4 Qd5 17. Bd3 Bf5 18. Rh4 Qe6 19. h3 Rad8 20. Qe2 Bxd3 21. Qxd3
Ng6 22. Rg4 c5 23. Be3 cxd4 24. Bxd4 Bxd4 25. Rxd4 Rxd4 26. Qxd4 Re8 27. Re1
Qxa2 28. Qd7 Qe6 29. Qxb7 Rd8 30. Qe4 Qd5 31. g3 Qxe4 32. Rxe4 Rb8 33. Re2 Rb4
34. h4 Nf8 35. h5 Ne6 36. Kg2 Kf8 37. Nh4 Nd4 38. Rd2 f6 39. exf6 gxf6 40. Ng6+
Kf7 41. Nf4 Ne6 42. Nd5 Rb5 43. f4 f5 44. Kh3 Rb3 45. Kh4 a4 46. g4 fxg4 47.
Kxg4 Nc5 48. Re2 Rd3 49. Nb4 Rd6 50. Re5 Nd7 51. Ra5 Rd4 52. Rxa4 Ne5+ 53. Kf5
Nc6 54. Nxc6 Rxa4 55. b4 Ra1 56. Ke5 Rh1 57. b5 Rxh5+ 58. f5 Rh1 59. b6 Re1+ 60.
Kf4 Rf1+ 61. Kg4 Rg1+ 62. Kf4 Rf1+ 63. Ke4 Re1+ 64. Kf4 1/2-1/2

[Event "TCh-FRA Top 12 2019"]
[Site "Brest FRA"]
[Date "2019.05.23"]
[Round "6.5"]
[Board "2"]
[White "Hera, Imre Jr."]
[Black "Gledura, Benjamin"]
[Result "1/2-1/2"]
[WhiteTitle "GM"]
[BlackTitle "GM"]
[WhiteElo "2611"]
[BlackElo "2645"]
[WhiteTeam "Grasse Echecs"]
[BlackTeam "Mulhouse Philidor"]
[WhiteFideId "716855"]
[BlackFideId "712779"]
[EventDate "2019.05.18"]

1. e4 e5 2. Nf3 Nc6 3. Nc3 Nf6 4. Bb5 Nd4 5. Bc4 Bc5 6. Nxe5 Qe7 7. Nf3 d5 8.
Bxd5 Bg4 9. d3 O-O-O 10. Be3 Nxd5 11. Nxd5 Rxd5 12. exd5 Re8 13. c3 Nxf3+ 14.
gxf3 Qh4 15. Kd2 Rxe3 16. fxe3 Qf2+ 17. Kc1 Bxf3 18. Qe1 Bxe3+ 19. Kb1 Bxh1 20.
Qxh1 Qe2 21. a4 Qxd3+ 22. Ka2 Qc4+ 23. Kb1 Qd3+ 24. Ka2 Qc4+ 1/2-1/2

[Event "TCh-FRA Top 12 2019"]
[Site "Brest FRA"]
[Date "2019.05.23"]
[Round "6.5"]
[Board "3"]
[White "Heimann, Andreas"]
[Black "Santos Ruiz, Miguel"]
[Result "1-0"]
[WhiteTitle "GM"]
[BlackTitle "GM"]
[WhiteElo "2627"]
[BlackElo "2549"]
[WhiteTeam "Mulhouse Philidor"]
[BlackTeam "Grasse Echecs"]
[WhiteFideId "24624632"]
[BlackFideId "22291482"]
[EventDate "2019.05.18"]

1. e4 e5 2. Nf3 Nc6 3. Bb5 a6 4. Ba4 Nf6 5. O-O Nxe4 6. d4 b5 7. Bb3 d5 8. dxe5
Be6 9. Qe2 Nc5 10. Rd1 Nxb3 11. axb3 Be7 12. c4 b4 13. Nbd2 O-O 14. Nf1 Qd7 15.
h3 Rfd8 16. cxd5 Bxd5 17. Ng5 Qe8 18. Rxd5 Rxd5 19. Qe4 Bxg5 20. Qxd5 Rd8 21.
Qe4 Rd4 22. Qe2 Bxc1 23. Rxc1 Qxe5 24. Qxa6 Nd8 25. Qc8 g6 26. Qxc7 Qxc7 27.
Rxc7 Rd3 28. Rc8 Kg7 29. Rb8 Nc6 30. Rb6 Nd4 31. Rxb4 Nxb3 32. Ne3 Nd2 33. Nc2
Nb3 34. Ne3 Nd2 35. g3 f5 36. g4 Kf6 37. gxf5 gxf5 38. Kg2 Ne4 39. Rb6+ Ke5 40.
Kf3 Nd6 41. Ke2 Rd4 42. Rxd6 1-0

[Event "TCh-FRA Top 12 2019"]
[Site "Brest FRA"]
[Date "2019.05.23"]
[Round "6.5"]
[Board "6"]
[White "Loiseau, Quentin"]
[Black "Burri, Quentin"]
[Result "1/2-1/2"]
[WhiteTitle "IM"]
[BlackTitle "IM"]
[WhiteElo "2471"]
[BlackElo "2425"]
[WhiteTeam "Grasse Echecs"]
[BlackTeam "Mulhouse Philidor"]
[WhiteFideId "665274"]
[BlackFideId "26028654"]
[EventDate "2019.05.18"]

1. e4 c5 2. Nf3 d6 3. d4 cxd4 4. Nxd4 Nf6 5. Nc3 e6 6. g4 h6 7. h4 Nc6 8. Rg1 d5
9. exd5 Nxd5 10. Nxd5 exd5 11. Be3 Qxh4 12. Qe2 Nxd4 13. Bxd4+ Qe7 14. Qxe7+
Kxe7 15. O-O-O Be6 16. f4 f6 17. f5 Bf7 18. Be2 Kd7 19. Bf3 Bd6 20. Bf2 Rhd8 21.
Bxd5 Bxd5 22. Rxd5 Kc6 23. Rd4 b6 24. Rgd1 Bc7 25. Rxd8 Bxd8 26. c4 Bc7 27. Kc2
Rg8 28. b4 g6 29. b5+ Kb7 30. Bd4 gxf5 31. gxf5 Rg4 32. Kd3 Rf4 33. Rh1 Rf3+ 34.
Ke4 Rf4+ 35. Ke3 Rxf5 36. Rxh6 Bf4+ 37. Ke4 Bxh6 38. Kxf5 a6 39. a4 axb5 40.
axb5 Bf8 41. Kxf6 Bb4 42. Ke6 Bf8 43. Bf6 Bc5 44. Be7 Bf2 45. Kd5 1/2-1/2

[Event "TCh-FRA Top 12 2019"]
[Site "Brest FRA"]
[Date "2019.05.23"]
[Round "6.5"]
[Board "8"]
[White "Milliet, Sophie"]
[Black "Richard, Emma"]
[Result "1/2-1/2"]
[WhiteTitle "IM"]
[BlackTitle "WFM"]
[WhiteElo "2400"]
[BlackElo "2120"]
[WhiteTeam "Grasse Echecs"]
[BlackTeam "Mulhouse Philidor"]
[WhiteFideId "623725"]
[BlackFideId "657590"]
[EventDate "2019.05.18"]

1. e4 c5 2. Nf3 Nc6 3. Bb5 Nf6 4. Nc3 g6 5. h3 Nd4 6. e5 Nxb5 7. Nxb5 Nd5 8. O-O
Bg7 9. d4 Nc7 10. Nxc7+ Qxc7 11. d5 d6 12. e6 fxe6 13. Ng5 O-O 14. Nxe6 Bxe6 15.
dxe6 Rad8 16. c4 Bd4 17. Bh6 Rf6 18. Qe2 d5 19. cxd5 Rxd5 20. Kh1 Qc6 21. Qg4
Qxe6 22. Qg3 Qe5 23. f4 Qf5 24. Rae1 Rf7 25. Qb3 Qd7 26. Bg5 Bf6 27. Bxf6 exf6
28. Rd1 c4 29. Qf3 Rxd1 30. Rxd1 Qa4 31. Rd8+ Kg7 32. Qe3 a6 33. f5 Rd7 1/2-1/2

[Event "TCh-FRA Top 12 2019"]
[Site "Brest FRA"]
[Date "2019.05.23"]
[Round "6.6"]
[Board "1"]
[White "Fedorov, Alexei"]
[Black "Praggnanandhaa, R"]
[Result "1-0"]
[WhiteTitle "GM"]
[BlackTitle "GM"]
[WhiteElo "2566"]
[BlackElo "2536"]
[WhiteTeam "Gonfreville l'Orcher"]
[BlackTeam "Cannes Echecs"]
[WhiteFideId "13500465"]
[BlackFideId "25059530"]
[EventDate "2019.05.18"]

1. e4 c5 2. d3 Nc6 3. g3 g6 4. Bg2 Bg7 5. f4 d6 6. Nf3 e6 7. O-O Nge7 8. c3 O-O
9. Be3 b6 10. Na3 Ba6 11. Re1 Rc8 12. d4 d5 13. dxc5 dxe4 14. Ng5 Nd5 15. Nxe4
Nxe3 16. Rxe3 bxc5 17. Qxd8 Nxd8 18. Bf1 Bb7 19. Nb5 Bxe4 20. Rxe4 a6 21. Nd6
Rb8 22. Re2 Nb7 23. Nc4 Rfd8 24. Bg2 Nd6 25. Na5 Rb6 26. Nc6 Re8 27. Rd1 Bf8 28.
Ne5 Re7 29. a4 Rc7 30. a5 Rb5 31. Red2 f6 32. Ng4 Ne8 33. Bf1 Rxa5 34. Bc4 Kf7
35. Re2 Nd6 36. Rxd6 Bxd6 37. Rxe6 Ra4 38. Bd5 Kg7 39. Rxd6 Ra1+ 40. Kf2 f5 41.
Ne5 a5 42. Ke2 Rb1 43. Rb6 a4 44. Kd3 a3 45. Kc2 Rxb2+ 46. Rxb2 axb2 47. Kxb2
Kf6 48. Kb3 g5 49. Kc4 gxf4 50. gxf4 Ke7 51. Kb5 Kd6 52. Bf3 Ra7 53. Nc4+ Kc7
54. Kxc5 Ra2 55. h4 Rf2 56. Ne5 Rh2 57. h5 Rh4 58. Kd5 Rxf4 59. c4 Rh4 60. Nc6
Rh2 61. Nd4 Rd2 62. c5 Rd3 63. Ke5 f4 64. Be4 Rh3 65. Ne6+ 1-0

[Event "TCh-FRA Top 12 2019"]
[Site "Brest FRA"]
[Date "2019.05.23"]
[Round "6.6"]
[Board "2"]
[White "Tabatabaei, M.amin"]
[Black "Miezis, Normunds"]
[Result "1/2-1/2"]
[WhiteTitle "GM"]
[BlackTitle "GM"]
[WhiteElo "2610"]
[BlackElo "2456"]
[WhiteTeam "Cannes Echecs"]
[BlackTeam "Gonfreville l'Orcher"]
[WhiteFideId "12521213"]
[BlackFideId "11600136"]
[EventDate "2019.05.18"]

1. e4 c5 2. Nf3 e6 3. d4 cxd4 4. Nxd4 a6 5. Bd3 Ne7 6. O-O Nbc6 7. Be3 Nxd4 8.
Bxd4 Nc6 9. Bc3 b5 10. a3 e5 11. Bd2 Bb7 12. Nc3 Bc5 13. Kh1 O-O 14. f4 exf4 15.
Rxf4 Bd6 16. Rf5 Ne5 17. Bf4 Qe7 18. Be2 g6 19. Bg5 f6 20. Nd5 Bxd5 21. Qxd5+
Qf7 22. Rxf6 Qxd5 23. exd5 Nf7 24. Bf4 Bc5 25. Bd2 Bd4 26. Rf3 Bxb2 27. Rb1 Bd4
28. c4 Rfe8 29. Bf1 bxc4 30. Rf4 Be3 31. Bxe3 Rxe3 32. Bxc4 Ne5 33. a4 Nxc4 34.
Rxc4 Rd3 35. Rc5 Re8 36. h3 Re5 37. Ra5 Rdxd5 38. Rxa6 Rd2 39. a5 Ree2 40. Rg1
Kg7 41. Ra8 Ra2 42. a6 Red2 43. a7 Kh6 44. Re1 d5 45. Rc1 d4 46. Re1 d3 47. Rb1
Kh5 48. Rb5+ Kh6 49. Rb1 Re2 50. Rd1 d2 51. Kh2 Re1 52. Rxd2 Rxd2 53. Rc8 Ra1 1/2-1/2

[Event "TCh-FRA Top 12 2019"]
[Site "Brest FRA"]
[Date "2019.05.23"]
[Round "6.6"]
[Board "3"]
[White "Lefebvre, Herve"]
[Black "Karthikeyan, Murali"]
[Result "0-1"]
[WhiteTitle "FM"]
[BlackTitle "GM"]
[WhiteElo "2291"]
[BlackElo "2596"]
[WhiteTeam "Gonfreville l'Orcher"]
[BlackTeam "Cannes Echecs"]
[WhiteFideId "607363"]
[BlackFideId "5074452"]
[EventDate "2019.05.18"]

1. e4 c5 2. Nf3 e6 3. d4 cxd4 4. Nxd4 a6 5. Bd3 Nf6 6. O-O d6 7. Qe2 g6 8. c4
Bg7 9. Nc3 Nc6 10. Nxc6 bxc6 11. b3 O-O 12. Ba3 c5 13. Bb2 Nh5 14. g3 Bd4 15.
Qd2 Bb7 16. Rae1 Qa5 17. Qc2 Nf6 18. Kg2 Ng4 19. Be2 f5 20. Kg1 Nxf2 21. Rxf2
fxe4 22. Rf1 Rxf2 23. Rxf2 Rf8 24. Nd1 Qe1+ 25. Bf1 Bxf2+ 26. Nxf2 e3 0-1

[Event "TCh-FRA Top 12 2019"]
[Site "Brest FRA"]
[Date "2019.05.23"]
[Round "6.6"]
[Board "4"]
[White "Giroyan, Gary"]
[Black "Vallin, Guillaume"]
[Result "1-0"]
[WhiteTitle "IM"]
[BlackTitle "IM"]
[WhiteElo "2409"]
[BlackElo "2389"]
[WhiteTeam "Cannes Echecs"]
[BlackTeam "Gonfreville l'Orcher"]
[WhiteFideId "680281"]
[BlackFideId "614823"]
[EventDate "2019.05.18"]

1. Nf3 e6 2. c4 d5 3. e3 Nf6 4. Nc3 Be7 5. b3 O-O 6. Bb2 c5 7. cxd5 exd5 8. d4
b6 9. Be2 Bb7 10. O-O Nbd7 11. Rc1 Rc8 12. dxc5 bxc5 13. Bd3 Re8 14. Bf5 Rb8 15.
Qd3 c4 16. Qc2 cxb3 17. axb3 Ba6 18. Rfd1 Nc5 19. Nxd5 Nxd5 20. Bxh7+ Kf8 21.
Qf5 Nd3 22. Ne5 Nxe5 23. Bxe5 Rc8 24. Ra1 Bf6 25. Bxf6 Qxf6 26. Qxd5 g6 27. Qd6+
Qxd6 28. Rxd6 Bb5 29. Bxg6 fxg6 30. Rxg6 a6 31. h4 Red8 32. e4 Rd3 33. e5 Rxb3
34. h5 Bd3 35. Rf6+ Ke7 36. h6 Ra8 37. Kh2 a5 38. Rc1 Rb7 39. Rcc6 Bb1 40. f4 a4
41. f5 Rg8 42. Rce6+ Kd7 43. Ra6 Be4 44. Rf7+ Ke8 45. Rxb7 Bxb7 46. Rxa4 Rxg2+
47. Kh3 Rg1 48. Ra7 Be4 49. h7 Rh1+ 50. Kg4 Kf8 51. e6 Bc6 52. Rf7+ Ke8 53. Rc7
Kd8 54. Rxc6 Rxh7 55. Kg5 Rh1 56. Kf6 Rh6+ 57. Ke5 Rh1 58. Rd6+ Ke8 59. Rd7 Rh2
60. Ra7 Rh5 61. Ke4 1-0

[Event "TCh-FRA Top 12 2019"]
[Site "Brest FRA"]
[Date "2019.05.23"]
[Round "6.6"]
[Board "6"]
[White "Bressac, Stephane"]
[Black "Payen, Arnaud"]
[Result "1/2-1/2"]
[WhiteTitle "FM"]
[BlackTitle "IM"]
[WhiteElo "2358"]
[BlackElo "2358"]
[WhiteTeam "Cannes Echecs"]
[BlackTeam "Gonfreville l'Orcher"]
[WhiteFideId "655945"]
[BlackFideId "600814"]
[EventDate "2019.05.18"]

1. e4 Nf6 2. e5 Nd5 3. d4 d6 4. c4 Nb6 5. exd6 exd6 6. Nc3 Nc6 7. d5 Ne5 8. f4
Ng4 9. Bd3 Qe7+ 10. Qe2 Bd7 11. h3 Qxe2+ 12. Ngxe2 Nf6 13. a4 Be7 14. a5 Nc8 15.
a6 bxa6 16. Rxa6 Rb8 17. Nd4 O-O 18. Kd1 Rb6 19. Ra2 c5 20. Nf3 Ne8 21. Kc2 Nc7
22. Bd2 Na6 23. Na4 Nb4+ 24. Bxb4 Rxb4 25. Nc3 Bf6 26. b3 Re8 27. Ne4 Bd8 28. g4
a5 29. Nc3 Nb6 30. Re1 Rxe1 31. Nxe1 a4 32. Nxa4 Nxa4 33. bxa4 Ba5 34. Kc1 Rxa4
35. Rxa4 Bxa4 36. Nf3 h6 37. Bc2 Bd7 38. Nd2 Kf8 39. Kd1 Ke7 40. Ke2 h5 41. Nb3
Bc3 42. Kf3 g6 43. Nc1 Kf6 44. Ne2 Be1 45. Nc1 Kg7 46. Nd3 Bd2 47. Nf2 hxg4+ 48.
hxg4 f5 49. g5 Kf7 50. Nd3 Ke7 51. Ke2 Bc3 52. Nf2 Kd8 53. Kd3 Bd4 54. Nd1 Kc7
55. Nc3 Kb6 56. Ne2 Bg7 57. Bb3 Ka5 58. Kc2 Kb4 59. Nc1 Ka3 60. Nd3 Bd4 61. Ne1
Be3 62. Kc3 Bd4+ 63. Kc2 Bc8 64. Ng2 Bf2 65. Kc3 Ba6 66. Bc2 Bd4+ 67. Kd2 Bxc4
68. Nh4 Bxd5 69. Nxg6 Be6 70. Ne7 c4 71. Bxf5 c3+ 72. Kd3 Kb2 73. Bxe6 c2 74.
Kxd4 c1=Q 75. Nd5 Qh1 76. Ne3 Qf3 77. Nc4+ Kc1 78. f5 d5 79. Nd6 Qf4+ 80. Kxd5
Qxg5 81. Ne4 Qf4 82. f6 Kc2 83. f7 Kd3 84. Nc5+ Ke3 85. Nd7 Qd4+ 86. Kc6 Qa4+
87. Kc7 Qa5+ 88. Kc6 Qa4+ 89. Kb6 Qb4+ 90. Kc7 Qa5+ 91. Kb8 Qb5+ 92. Kc8 Qa6+
93. Kd8 Qxe6 94. f8=Q Ke2 95. Qf4 Qe3 96. Qh4 Qf3 97. Nf6 Kd3 98. Kd7 Qb7+ 99.
Ke6 Qc8+ 100. Ke5 Qc7+ 101. Kf5 Qc5+ 102. Kg6 Qg1+ 103. Ng4 Qb6+ 104. Kf5 Kc3
105. Qe1+ Kb2 106. Qd2+ Kb3 107. Ne5 Qc5 108. Qd3+ Qc3 109. Qb5+ Kc2 110. Qa4+
Kb1 111. Ke6 Qc8+ 112. Kd5 Qb7+ 113. Nc6 Qf7+ 114. Kc5 Qf5+ 115. Kb6 Qd5 116.
Qb4+ Kc1 117. Qc3+ Kd1 118. Nb4 Qd8+ 119. Kb5 Qd7+ 120. Ka5 Qa7+ 121. Kb5 Qd7+
122. Kc5 Qe7+ 123. Kd5 Qd7+ 124. Ke4 Qe6+ 125. Kf4 Qf7+ 126. Ke4 1/2-1/2

[Event "TCh-FRA Top 12 2019"]
[Site "Brest FRA"]
[Date "2019.05.24"]
[Round "7.1"]
[Board "3"]
[White "Malakhov, Vladimir"]
[Black "Efimov, Igor"]
[Result "1-0"]
[WhiteTitle "GM"]
[BlackTitle "GM"]
[WhiteElo "2660"]
[BlackElo "2439"]
[WhiteTeam "Club d'Echecs Metz Fischer"]
[BlackTeam "C.E.M.C. Monaco"]
[WhiteFideId "4120787"]
[BlackFideId "806404"]
[EventDate "2019.05.18"]

1. Nf3 e6 2. c4 d5 3. e3 c6 4. b3 Nf6 5. Bb2 Nbd7 6. d4 b6 7. Bd3 Bb7 8. O-O Be7
9. Nc3 Rc8 10. Qe2 Qc7 11. Rad1 O-O 12. e4 dxe4 13. Nxe4 Rfd8 14. Neg5 Rf8 15.
Bb1 Bd6 16. g3 g6 17. Ne5 Rce8 18. h4 c5 19. Nxd7 Nxd7 20. d5 exd5 21. Qh5 1-0